Music Quiz

Random Music or Clickable Quiz

Song Title Trios Quiz Stats

Quiz Updated Nov 16, 2015

Challenge
Share
Tweet
Embed
Score 0/28 Timer 05:00
1 Play Today
% Correct
Going Going Gone
94.9%
One Two Three
94.6%
Single Double Triple
94.3%
Ready Set Go
93.9%
City State Country
93.9%
Beginning Middle End
93.8%
Never Sometimes Always
93.4%
Who What Where
93.1%
Good Bad Ugly
92.7%
Jack Queen King
91.8%
People Places Things
91.7%
Morning Afternoon Night
91.6%
Me Myself I
91.4%
If And But
91.2%
% Correct
Yes No Maybe
90.3%
Air Land Sea
90.2%
Here There Everywhere
90.2%
Stop Drop Roll
89.9%
Earth Wind Fire
89.8%
Yesterday Today Tomorrow
89.1%
Good Better Best
87.6%
Win Place Show
87.4%
Second Minute Hour
87.1%
Man Woman Child
85.3%
Hot Warm Cold
83.9%
Red White Blue
83.7%
Blood Sweat Tears
83.3%
Friday Saturday Sunday
79.9%

You're not logged in!

Compare scores with friends on all Sporcle quizzes.
Sign Up with Email
OR
Log In

You Might Also Like...

Show Comments

Extras

Top Quizzes Today


Score Distribution

Your Account Isn't Verified!

In order to create a playlist on Sporcle, you need to verify the email address you used during registration. Go to your Sporcle Settings to finish the process.